000 00412nam a22001697a 4500
003 OSt
005 20211118113651.0
008 211118b |||||||| |||| 00| 0 eng d
020 _a1-85873-334-0
040 _aDDC
_cHU
082 _21ST
_a616.028
_b1
100 _aP MURPHY
_919226
245 _aHANDBOOK OF CRITICAL CARE
250 _a1ST
260 _aUK
_bSCIENCE PRESS LIMITED
_c1998
942 _2ddc
_cBOOKS
_n0
999 _c19010
_d19010